000 00595nam a2200205Ia 4500
001 15212
003 GE_BSU
008 181216s||||||||xx |||||||||||||| ||und||
040 _cGE_BSU
080 _a821.353.1-32
100 _aშენგელია, რამაზ
245 _aმოთხრობები
245 _cრედ.:ლ. მესხი, მხატვ.: თ. კოხრეიძე
260 _aთბ.
260 _bმერანი
260 _c1986
300 _a118გვ.; 20სმ.ფოტო
653 _aმოთხრობები
942 _cBK
999 _c48324
_d48324